Plan von Berlin : (Record no. 185786)

MARC details
000 -LEADER
campo de control de longitud fija 00587nem a2200169 i 4500
001 - NÚMERO DE CONTROL
campo de control 185786
003 - IDENTIFICADOR DE NÚMERO DE CONTROL
campo de control ES-MaACL
005 - FECHA Y HORA DE LA ÚLTIMA TRANSACCIÓN
campo de control 20230906222522.0
007 - CAMPO FIJO DE DESCRIPCIÓN FÍSICA--INFORMACIÓN GENERAL
campo de control de longitud fija aj
008 - DATOS DE LONGITUD FIJA--INFORMACIÓN GENERAL
campo de control de longitud fija 160810q1850 gere | |0| ||deu d
245 00 - MENCIÓN DEL TÍTULO
Título Plan von Berlin :
Resto del título mit 120 Ansichten der Hauptgebäude [
Medio Material cartográfico] /
Mención de responsabilidad, etc. gez. u. lith. in der Lith. Anstalt von Hermann Delius.
260 ## - PUBLICACIÓN, DISTRIBUCIÓN, ETC.
Lugar de publicación, distribución, etc. Berlin :
Nombre del editor, distribuidor, etc. C. Grobe,
Fecha de publicación, distribución, etc. [ca. 1850]
300 ## - DESCRIPCIÓN FÍSICA
Extensión 1 mapa pleg. ;
Dimensiones 72 x 52 cm., pleg. en 14 x 10 cm.
651 #4 - PUNTO DE ACCESO ADICIONAL DE MATERIA--NOMBRE GEOGRÁFICO
Nombre geográfico Berlín-
Subdivisión de forma Planos.
9 (RLIN) 160432
700 1# - ENTRADA AGREGADA--NOMBRE PERSONAL
Nombre de persona Delius, Hermann.
9 (RLIN) 160433
852 ## - LOCALIZACIÓN
Ubicación ES-MaACL
Número de control de estantería G-13401
Holdings
Estatus retirado Estado de pérdida Estado de daño No para préstamo Biblioteca de origen Biblioteca actual Ubicación en estantería Fecha de adquisición Fuente de adquisición Total de préstamos Signatura topográfica completa Código de barras Visto por última vez Precio de reemplazo Tipo de ítem Koha
        Biblioteca del Ateneo de Madrid Biblioteca del Ateneo de Madrid Sala Pecera Planta 3 10/08/2016     G-13401 1195842 23/02/2023 23/02/2023 Mapa